Encuentro educativo: "mirando al docente" /

Podrobná bibliografie
Hlavní autor: Bonilla Sandoval, Lastenia Ma
Médium: Kniha
Jazyk:španělština
Vydáno: San José, Costa Rica : INIE, 2008
Témata:

MARC

LEADER 00000nam a2200000Ia 4500
008 180829b2008 cr ||||| |||| 00| | spa d
999 |c 2072  |d 2072 
090 |a 13.03.01   |b 1656 CD #200 
100 |a Bonilla Sandoval, Lastenia Ma.  |9 1809 
245 1 0 |a Encuentro educativo: "mirando al docente" /   |c Lastenia Ma. Bonilla Sandoval 
260 |a San José, Costa Rica :   |b INIE,   |c 2008 
300 |a 17 páginas. 
500 |a Proyecto de Acción Social ED-1988 
500 |a El objetivo del proyecto es divulgar los resultados del proyecto "Análisis del malestar laboral en los entornos educativos" 
500 |a CD #200 contiene fotografías de los encuentros realizados 
650 1 4 |a CONDICIONES DE TRABAJO  |9 778 
650 1 4 |a ESTRÉS LABORAL  |9 1811 
650 1 4 |a DOCENTES  |9 331 
650 1 4 |a INFORMES DE INVESTIGACIÓN   |9 4007 
650 1 4 |a SEMINARIOS  |9 4002 
942 |i 002316 ,002317   |h 13.03.01 1656 CD #200  |2 z  |c 04 
942 |i 002316 ,002317   |h 13.03.01 1656 CD #200  |2 z